000 00476nam a2200157 i 4500
001 23891
003 ES-MaACL
007 t|
008 021213s1968 sp ||||1| spa d
100 1 _aAmariu, Constantin.
_921119
245 1 4 _aLos siete pecados capitales /
_cConstantin Amariu ; traducción: Carmen Boada.
260 _aBarcelona, etc. :
_bPlaza y Janés,
_c[1968]
300 _a234 p. ;
_c19 cm.
700 1 _aBoada, Carmen.
_929613
852 _aES-MaACL
_jB-8495
_bR.66329
999 _c23891
_d23891